<?xml version="1.0" encoding="UTF-8"?><?xml-stylesheet type="text/xsl" href="static/style.xsl"?><OAI-PMH xmlns="http://www.openarchives.org/OAI/2.0/" xmlns:xsi="http://www.w3.org/2001/XMLSchema-instance" xsi:schemaLocation="http://www.openarchives.org/OAI/2.0/ http://www.openarchives.org/OAI/2.0/OAI-PMH.xsd"><responseDate>2026-04-17T03:11:50Z</responseDate><request verb="GetRecord" identifier="oai:www.recercat.cat:10256/28550" metadataPrefix="marc">https://recercat.cat/oai/request</request><GetRecord><record><header><identifier>oai:recercat.cat:10256/28550</identifier><datestamp>2026-03-27T00:12:37Z</datestamp><setSpec>com_2072_452966</setSpec><setSpec>com_2072_2054</setSpec><setSpec>col_2072_452968</setSpec></header><metadata><record xmlns="http://www.loc.gov/MARC21/slim" xmlns:dcterms="http://purl.org/dc/terms/" xmlns:xsi="http://www.w3.org/2001/XMLSchema-instance" xmlns:doc="http://www.lyncode.com/xoai" xsi:schemaLocation="http://www.loc.gov/MARC21/slim http://www.loc.gov/standards/marcxml/schema/MARC21slim.xsd">
   <leader>00925njm 22002777a 4500</leader>
   <datafield ind2=" " ind1=" " tag="042">
      <subfield code="a">dc</subfield>
   </datafield>
   <datafield ind2=" " ind1=" " tag="720">
      <subfield code="a">Belloso Poveda, María</subfield>
      <subfield code="e">author</subfield>
   </datafield>
   <datafield ind2=" " ind1=" " tag="260">
      <subfield code="c">2025-07</subfield>
   </datafield>
   <datafield ind2=" " ind1=" " tag="520">
      <subfield code="a">Natural capital refers to the stock of natural assets (such as water and biodiversity) that yield a flow &#xd;
&#xd;
of ecosystem services, which underpin benefits to human well-being. However, many of them are &#xd;
&#xd;
undervalued or excluded from traditional economic systems. Assessing and accounting for natural &#xd;
&#xd;
capital and ecosystem services is therefore fundamental for integrating ecological, economic, and &#xd;
&#xd;
social dimensions into sustainable management and decision-making. &#xd;
&#xd;
In the case of mountain natural capital, valuation is further complicated by the unique, complex &#xd;
&#xd;
dynamics of mountain regions, as well as by the limited availability of high-quality data. For these &#xd;
&#xd;
reasons, mountain natural capital is under-researched, despite its critical role in providing essential &#xd;
&#xd;
services to people and its increasing vulnerability to climate change and land-use change, among &#xd;
&#xd;
other drivers. &#xd;
&#xd;
Natural capital accounting provides structured information on the flow and value of natural assets &#xd;
&#xd;
and the services they generate, shaped by the extent and condition of ecosystems. However, there &#xd;
&#xd;
are various approaches to this framework that can be applied at different scales (e.g., national, &#xd;
&#xd;
subnational, and corporate accounts), meaning the methodology remains unstandardised. &#xd;
&#xd;
In this context, we present a review of the state-of-the-art and future directions in natural capital &#xd;
&#xd;
assessment, accounting, and research, particularly in mountain regions, which also consider the &#xd;
&#xd;
effects of global change drivers. This study is based on bibliographic research and consultations with &#xd;
&#xd;
international experts. &#xd;
&#xd;
By providing this information, we offer a broader perspective for supporting environmental &#xd;
&#xd;
decision-making, both within and beyond mountain regions, along with recommendations for &#xd;
&#xd;
practitioners to improve the implementation of natural capital assessment and accounting across &#xd;
&#xd;
different contexts. This is especially relevant in sustainability projects that seek to maintain the &#xd;
&#xd;
functionality of mountain social-ecological systems in an integrated manner and ultimately enhance &#xd;
&#xd;
their resilience and adaptive capacity in order to address current challenges and vulnerabilities</subfield>
   </datafield>
   <datafield ind2=" " ind1=" " tag="520">
      <subfield code="a">15</subfield>
   </datafield>
   <datafield ind1="8" ind2=" " tag="024">
      <subfield code="a">https://hdl.handle.net/10256/28550</subfield>
   </datafield>
   <datafield tag="653" ind2=" " ind1=" ">
      <subfield code="a">Comptabilitat social</subfield>
   </datafield>
   <datafield tag="653" ind2=" " ind1=" ">
      <subfield code="a">Economia ambiental</subfield>
   </datafield>
   <datafield tag="653" ind2=" " ind1=" ">
      <subfield code="a">Ecologia de les muntanyes -- Aspectes econòmics</subfield>
   </datafield>
   <datafield tag="653" ind2=" " ind1=" ">
      <subfield code="a">Capital natural</subfield>
   </datafield>
   <datafield tag="653" ind2=" " ind1=" ">
      <subfield code="a">Social Accounting</subfield>
   </datafield>
   <datafield tag="653" ind2=" " ind1=" ">
      <subfield code="a">Environmental econòmics</subfield>
   </datafield>
   <datafield tag="653" ind2=" " ind1=" ">
      <subfield code="a">Mountain ecology -- Economic aspects</subfield>
   </datafield>
   <datafield tag="653" ind2=" " ind1=" ">
      <subfield code="a">Natural capital</subfield>
   </datafield>
   <datafield ind2="0" ind1="0" tag="245">
      <subfield code="a">Advancing Natural Capital Assessment and Accounting in European Mountain Regions : literature review and implications for sustainability</subfield>
   </datafield>
</record></metadata></record></GetRecord></OAI-PMH>